| 000 | 01011nam a22002297a 4500 | ||
|---|---|---|---|
| 001 | 91 | ||
| 003 | FISKH | ||
| 005 | 20250509103538.0 | ||
| 008 | 230222b cb ||||| |||| 00| 0 eng d | ||
| 020 | _a9780545070713 | ||
| 040 | _cFISKH | ||
| 082 | _a970.015092 | ||
| 100 | _aRoop, Peter | ||
| 245 |
_aDid Columbus really discover america? / _band other questions about the age of exploration _cby Peter and Connie Roop |
||
| 260 |
_aNew York _bScholastic _c2008 |
||
| 300 |
_a44 p. _c20 cm. _fM |
||
| 505 | _aM | ||
| 520 | _aDid you know that Christopher Columbus didn't really discover America? Millions of Native Americans lived there for thousands of years before Columbus set sail. And did you know that Columbus made four voyages across the ocean? Do you know how America got its name? Or who first sailed around South America? This book will answer all kinds of questions about Christopher Columbus and the age of exploration. | ||
| 521 | 8 |
_a690
_bLexile |
|
| 521 | 8 |
_aM
_bRaz-Plus |
|
| 942 |
_2ddc _cBK _n0 |
||
| 999 |
_c91 _d91 |
||